Score 0/20 Timer 05:00
0 Plays Today
% Correct
Husky
96%
Golden Retriever
88%
Pug
80%
Bulldog
76%
Poodle
76%
Beagle
74%
Boxer
68%
Pomeranian
68%
Collie
66%
Chihuahua
64%
% Correct
Rottweiler
62%
Basset Hound
60%
Great Dane
56%
German Shepard
52%
Boston Terrier
52%
Pitbull
46%
Cocker Spaniel
36%
Shih Tzu
34%
Dobermann
34%
St. Bernard
26%

You're not logged in!

Compare scores with friends on all Sporcle quizzes.
OR
Log In

Sporcle TV

Today on Sporcle TV


Watch our educational content, quiz creation guides, and fun videos on Sporcle TV.

Show Comments

Extras

Created Jun 25, 2019ReportNominate
Tags:dog

Top Quizzes Today


Score Distribution

Paid Content

Your Account Isn't Verified!

In order to create a playlist on Sporcle, you need to verify the email address you used during registration. Go to your Sporcle Settings to finish the process.

Report this User

Report this user for behavior that violates our Community Guidelines.

Details: